00287nam a2200109 a 4500008004100000050001100041100002000052245004600072246004100118260000900159350000900168120416s9999 ||||||||||||||||| || u aTHESIS aMwansa, Brian K10aJob satisfaction in Zambian organisations aa case of Mufulira Municipal Council a2002 a0.00